| 000 | 00534nam a22001937a 4500 | ||
|---|---|---|---|
| 005 | 20230227102130.0 | ||
| 008 | 230225b |||||||| |||| 00| 0 eng d | ||
| 020 |
_a9788131605608 _cRs.695.00 |
||
| 040 | _aLoreto college | ||
| 041 | _aEnglish | ||
| 082 |
_a305.56 _bKUM |
||
| 100 | _aKumar, Rabindra | ||
| 245 |
_aDalit exclusion and subordination _cRabindra Kumar |
||
| 260 |
_aJaipur _bRawat Publications _c©2013 |
||
| 300 |
_a230p. _b22cm. |
||
| 650 | _aDalits--Social conditions | ||
| 850 |
_aLCLIB _bDLIT |
||
| 942 | _cBK | ||
| 999 |
_c43237 _d93716 |
||